000 00765nam a2200229 a 4500
999 _c8171
_d8171
001 8171
003 BD-JhCC
005 20180219094815.0
008 180219s1972 bg |||| ||a| 000 0 ben d
035 _a(BD-JhCC)8171
040 _aBD-JhCC
_dBD-JhCC
041 _aben
082 _a891.443
_bGIZ 1972
100 _aগিস, লিলিয়ান
245 _aছায়াছবি : গ্রিফিথ ও আমি /
_cলিলিয়ান গিস এবং এ্যান পিনচট্
260 _aঢাকা :
_bখোশরোজ কিতাব মহল,
_c1972
300 _a155 p. :
_c22 cm.
650 _aBangali Novel
700 _aমিসির, আজিজ (অনুবাদ)
942 _2ddc
_cBK